La tradición oculta.

Furkejuvvon:
Bibliográfalaš dieđut
Váldodahkki: Arendt, Hannah (autora)
Eará dahkkit: Carbó, R.S (traducción), Gómez Ibañez, Vicente (traducción)
Materiálatiipa: Dovdameahttun
Almmustuhtton: Santiago, Chile: Paidós, 2023.
Ráidu:Paidós Básica.
Fáttát:
Fáddágilkorat: Lasit fáddágilkoriid
Eai fáddágilkorat, Lasit vuosttaš fáddágilkora!

MARC

LEADER 00000 a2200000 4500
003 CL-VaPUC
005 20240315125850.0
008 231218t2023 ||||| |||| 00| 0 eng d
999 |c 442574  |d 442572 
020 |a 978-956-6195-56-6 
040 |c Pontificia Universidad Católica de Valparaíso 
082 7 |a 844 ARE 2023  |2 22 
100 |a Arendt, Hannah  |e autora  |9 303594 
245 1 3 |a La tradición oculta.  
260 |a Santiago, Chile:  |b Paidós,  |c 2023.  
300 |a 169 páginas.  
490 |a Paidós Básica.  
583 |k GC  |c 20231218 
600 0 |a Arendt, Hannah,  |9 871445  |d 1906-1975  |v Ensayos  |x Critica e interpretación 
650 |a Pueblo judío   |x Historia   |y Siglo 20  |v Ensayos  |9 886561 
700 |a Carbó, R.S.  |9 882799  |e traducción 
700 |a Gómez Ibañez, Vicente   |e traducción  |9 886562 
942 |2 ddc  |c BK 
952 |0 0  |1 0  |2 ddc  |4 0  |6 844_000000000000000_ARE_2023  |7 0  |8 A  |9 592851  |a BIBGIM  |b BIBGIM  |c GEN  |d 2023-12-15  |e 189  |g 14925.30  |i 5659816  |l 1  |o 844 ARE 2023  |p 5659816  |r 2025-01-15  |s 2024-04-03  |t 1  |v 14925.30  |w 2023-12-15  |y BK  |k SSL